[Event "Scarborough CC ch Reserves"]
[Site "Toronto CAN"]
[Date "2012.05.03"]
[Round "7"]
[White "Veecock, Carl"]
[Black "Super, Russell"]
[Result "1/2-1/2"]
[WhiteElo "1341"]
[BlackElo "1397"]
[PlyCount "123"]
[GameId "2160767909510189"]
[EventDate "2012.03.22"]
[EventType "swiss"]
[EventRounds "9"]
[EventCountry "CAN"]
[SourceTitle "EXT 2022"]
[Source "ChessBase"]
[SourceDate "2021.10.06"]
[SourceVersion "1"]
[SourceVersionDate "2021.10.06"]
[SourceQuality "1"]

1. Nf3 d5 2. g3 Nf6 3. Bg2 e6 4. O-O c5 5. d3 Nc6 6. c3 Be7 7. Bf4 O-O 8. Ne5 Nxe5 9. Bxe5 Bd6 10. Bxd6 Qxd6 11. e3 Bd7 12. Nd2 Rac8 13. Re1 b5 14. e4 dxe4 15. Nxe4 Nxe4 16. Bxe4 Bc6 17. d4 cxd4 18. Bxc6 Rxc6 19. Qxd4 Qxd4 20. cxd4 Rd8 21. Rac1 Rcd6 22. Red1 g6 23. Rc7 a6 24. a4 e5 25. d5 bxa4 26. Rc5 Kg7 27. Ra5 f5 28. Kg2 Kf6 29. Kf3 Rb8 30. Rd2 Rb5 31. Rxa4 a5 32. h4 h6 33. Ke2 e4 34. Ke3 Ke5 35. Rc4 Rdxd5 36. Rxd5+ Rxd5 37. Rc3 g5 38. hxg5 hxg5 39. Rc8 f4+ 40. gxf4+ gxf4+ 41. Ke2 Kd4 42. f3 e3 43. Rc3 Rb5 44. Rd3+ Kc4 45. Rc3+ Kb4 46. Rd3 Rc5 47. Rd4+ Rc4 48. Re4 Kb3 49. Kd3 Rc2 50. Rxf4 e2 51. Re4 Kxb2 52. f4 Rc3+ 53. Kxe2 Rc5 54. Re5 Rc2+ 55. Kd3 a4 56. Rb5+ Kc1 57. Ra5 Ra2 58. f5 a3 59. f6 Rf2 60. Rc5+ Kb1 61. Rb5+ Kc1 62. Rc5+ 1/2-1/2

[Event "Scarborough CC ch Reserves"]
[Site "Toronto CAN"]
[Date "2012.05.03"]
[Round "7"]
[White "Verde, Pino"]
[Black "Li, Yinshi"]
[Result "1-0"]
[WhiteElo "1568"]
[BlackElo "1777"]
[PlyCount "81"]
[GameId "2160767909510190"]
[EventDate "2012.03.22"]
[EventType "swiss"]
[EventRounds "9"]
[EventCountry "CAN"]
[SourceTitle "EXT 2022"]
[Source "ChessBase"]
[SourceDate "2021.10.06"]
[SourceVersion "1"]
[SourceVersionDate "2021.10.06"]
[SourceQuality "1"]

1. d3 e5 2. Nf3 Nc6 3. g3 d5 4. Nbd2 Be6 5. Bg2 Bc5 6. c3 f6 7. a4 a5 8. h4 Nge7 9. Qb3 Bb6 10. Qa3 O-O 11. b4 axb4 12. cxb4 Nf5 13. Bb2 Qe7 14. b5 Bc5 15. Qc3 Ncd4 16. Rc1 b6 17. e3 Nxf3+ 18. Bxf3 Rxa4 19. g4 Nd6 20. Qc2 Rfa8 21. g5 Nxb5 22. gxf6 Qxf6 23. h5 Ba3 24. Ra1 R4a5 25. Qc6 Bf7 26. Bxd5 Bxb2 27. Rxa5 Qxc6 28. Rxa8+ Qxa8 29. Bxa8 c5 30. Kd1 Nd6 31. Kc2 Ba3 32. Ra1 Bb4 33. h6 gxh6 34. e4 Nb5 35. Nf3 Bc3 36. Rg1+ Kf8 37. Nh4 Bd4 38. Nf5 Bxf2 39. Rf1 Nd4+ 40. Nxd4 Bxd4 41. Bd5 1-0

[Event "Scarborough CC ch Reserves"]
[Site "Toronto CAN"]
[Date "2012.05.03"]
[Round "7"]
[White "Wang, Eric1"]
[Black "Fan, Yibing"]
[Result "1-0"]
[WhiteElo "1789"]
[BlackElo "1745"]
[PlyCount "72"]
[GameId "2160767909510191"]
[EventDate "2012.03.22"]
[EventType "swiss"]
[EventRounds "9"]
[EventCountry "CAN"]
[SourceTitle "EXT 2022"]
[Source "ChessBase"]
[SourceDate "2021.10.06"]
[SourceVersion "1"]
[SourceVersionDate "2021.10.06"]
[SourceQuality "1"]

1. e4 c5 2. Nf3 Nc6 3. d4 cxd4 4. Nxd4 g6 5. Nxc6 dxc6 6. Qxd8+ Kxd8 7. Bc4 e6 8. O-O Bg7 9. Rd1+ Ke8 10. c3 Bd7 11. Be3 Bh6 12. Bd4 f6 13. e5 Bg7 14. exf6 Bxf6 15. Be3 Ne7 16. Nd2 Nf5 17. Bc5 b6 18. Ba3 c5 19. Ne4 Be7 20. g4 Ng7 21. Nd6+ Bxd6 22. Rxd6 Ke7 23. Rad1 Rad8 24. b4 b5 25. Be2 c4 26. Bc1 h6 27. Be3 Ne8 28. Ra6 Nc7 29. Rxa7 Nd5 30. Bd4 Rhg8 31. Bf3 Nf4 32. Bc5+ Ke8 33. Kf1 Rg7 34. Bd6 Nd5 35. Bxd5 exd5 36. Rxd5 Kf7 1-0

[Event "Scarborough CC ch Reserves"]
[Site "Toronto CAN"]
[Date "2012.05.03"]
[Round "7"]
[White "Wiebe, Daniel"]
[Black "Song, Eric"]
[Result "1-0"]
[WhiteElo "1909"]
[BlackElo "1625"]
[PlyCount "65"]
[GameId "2160767909510192"]
[EventDate "2012.03.22"]
[EventType "swiss"]
[EventRounds "9"]
[EventCountry "CAN"]
[SourceTitle "EXT 2022"]
[Source "ChessBase"]
[SourceDate "2021.10.06"]
[SourceVersion "1"]
[SourceVersionDate "2021.10.06"]
[SourceQuality "1"]

1. e4 e5 2. Nf3 Nc6 3. d4 exd4 4. Nxd4 d6 5. Nc3 Be7 6. Bb5 Bd7 7. O-O Nxd4 8. Qxd4 Bf6 9. Qd3 Ne7 10. Be3 a6 11. Bc4 h6 12. Rad1 b5 13. Bb3 Bc6 14. Bd4 Rg8 15. Nd5 Bxd5 16. Bxd5 Nxd5 17. exd5 Bxd4 18. Qxd4 Qd7 19. Rfe1+ Kd8 20. Re3 Kc8 21. Rde1 Kb7 22. Re7 Qf5 23. Qc3 Rac8 24. Qc6+ Kb8 25. c4 Qd3 26. Rc1 bxc4 27. Qxa6 Qxd5 28. Re3 Rce8 29. Ra3 g5 30. Ra5 c5 31. Rb5+ Kc7 32. Qa7+ Kc6 33. Qb7# 1-0

[Event "Scarborough CC ch Reserves"]
[Site "Toronto CAN"]
[Date "2012.05.03"]
[Round "7"]
[White "Zhao, Yanchun"]
[Black "Rutherdale, William"]
[Result "1/2-1/2"]
[WhiteElo "1409"]
[BlackElo "1658"]
[PlyCount "90"]
[GameId "2160767909510193"]
[EventDate "2012.03.22"]
[EventType "swiss"]
[EventRounds "9"]
[EventCountry "CAN"]
[SourceTitle "EXT 2022"]
[Source "ChessBase"]
[SourceDate "2021.10.06"]
[SourceVersion "1"]
[SourceVersionDate "2021.10.06"]
[SourceQuality "1"]

1. d4 d5 2. c4 c6 3. Nc3 Nf6 4. Nf3 e6 5. Bg5 Nbd7 6. e3 Bd6 7. a3 O-O 8. e4 dxe4 9. Nxe4 Be7 10. Nxf6+ Bxf6 11. Bf4 c5 12. Be3 b6 13. Rb1 Bb7 14. Be2 Be4 15. Rc1 Qe7 16. Bd3 Bxf3 17. Qxf3 cxd4 18. Qe4 g6 19. Bxd4 Nc5 20. Bxc5 Qxc5 21. b4 Qg5 22. O-O Rab8 23. a4 Rfd8 24. Rfd1 Rd4 25. Qf3 Be7 26. Rb1 Rbd8 27. Be2 Rxd1+ 28. Bxd1 Qd2 29. Qe2 Qxe2 30. Bxe2 Rd2 31. Kf1 Kg7 32. h3 Ra2 33. Bd1 Kf6 34. f4 Kf5 35. g3 Ke4 36. a5 Kd4 37. axb6 a5 38. Be2 Ke3 39. Bd1 Kd3 40. h4 Kc3 41. b5 Bc5 42. Be2 Kd2 43. Rd1+ Ke3 44. Rd3+ Ke4 45. Rd1 Ke3 1/2-1/2

[Event "Scarborough CC ch Reserves"]
[Site "Toronto CAN"]
[Date "2012.05.10"]
[Round "8"]
[White "Graham, John"]
[Black "Mourgelas, James"]
[Result "1-0"]
[WhiteElo "1450"]
[BlackElo "1445"]
[PlyCount "45"]
[GameId "2160767909510194"]
[EventDate "2012.03.22"]
[EventType "swiss"]
[EventRounds "9"]
[EventCountry "CAN"]
[SourceTitle "EXT 2022"]
[Source "ChessBase"]
[SourceDate "2021.10.06"]
[SourceVersion "1"]
[SourceVersionDate "2021.10.06"]
[SourceQuality "1"]

1. c4 e5 2. Nc3 Nf6 3. e3 d5 4. Nge2 Bg4 5. cxd5 Nxd5 6. Qa4+ c6 7. Qxg4 Qf6 8. Qc8+ Qd8 9. Qxb7 Nb6 10. a4 Qd7 11. Qxd7+ N8xd7 12. g3 f5 13. Bg2 Rc8 14. b3 Nc5 15. O-O Nxb3 16. Rb1 Nc5 17. d4 exd4 18. Nxd4 g6 19. Nxc6 Bg7 20. Nxa7 Rd8 21. Rxb6 Bxc3 22. Rc6 Nxa4 23. Rc4 1-0

[Event "Scarborough CC ch Reserves"]
[Site "Toronto CAN"]
[Date "2012.05.10"]
[Round "8"]
[White "Guo, Tan"]
[Black "Liang, Phillip"]
[Result "0-1"]
[WhiteElo "1636"]
[BlackElo "1584"]
[PlyCount "118"]
[GameId "2160767909510195"]
[EventDate "2012.03.22"]
[EventType "swiss"]
[EventRounds "9"]
[EventCountry "CAN"]
[SourceTitle "EXT 2022"]
[Source "ChessBase"]
[SourceDate "2021.10.06"]
[SourceVersion "1"]
[SourceVersionDate "2021.10.06"]
[SourceQuality "1"]

1. e4 c6 2. d4 d5 3. Nc3 dxe4 4. Nxe4 Nf6 5. Nxf6+ gxf6 6. Nf3 Bg4 7. Be3 e6 8. Be2 Bh5 9. Nd2 Bg6 10. Bf3 Nd7 11. Ne4 Bxe4 12. Bxe4 f5 13. Bf3 Nf6 14. Qe2 Nd5 15. Bd2 a5 16. a3 Qb6 17. Bxd5 cxd5 18. Bc3 Rg8 19. g3 Qa6 20. Qxa6 Rxa6 21. Ke2 b5 22. Bd2 Kd7 23. Rac1 Bd6 24. b3 Rg4 25. f4 Rg8 26. c4 bxc4 27. bxc4 dxc4 28. Rxc4 Rc8 29. Rxc8 Kxc8 30. Rc1+ Kb7 31. a4 Bb4 32. Rb1 Rb6 33. Kd3 Bxd2 34. Rxb6+ Kxb6 35. Kxd2 Kc6 36. Kd3 Kd5 37. Kc3 h6 38. Kd3 f6 39. Kc3 h5 40. h3 Ke4 41. Kc4 Kf3 42. Kb5 Kxg3 43. Kxa5 Kxf4 44. Kb6 Ke3 45. a5 f4 46. a6 f3 47. a7 f2 48. a8=Q f1=Q 49. Kc5 Qf5+ 50. Kd6 Kxd4 51. Qa4+ Ke3 52. Qa7+ Kf4 53. Qf2+ Kg5 54. Qg3+ Kh6 55. Qe3+ Kg6 56. Qg3+ Kf7 57. Qa3 Qd5+ 58. Kc7 e5 59. Kb6 Ke6 0-1

[Event "Scarborough CC ch Reserves"]
[Site "Toronto CAN"]
[Date "2012.05.10"]
[Round "8"]
[White "Liu, Jiaxin (Dora)"]
[Black "Aghamalian, Derick"]
[Result "1-0"]
[WhiteElo "1520"]
[BlackElo "1595"]
[PlyCount "120"]
[GameId "2160767909510196"]
[EventDate "2012.03.22"]
[EventType "swiss"]
[EventRounds "9"]
[EventCountry "CAN"]

1. d4 Nf6 2. Nf3 g6 3. e3 Bg7 4. Bd3 d6 5. h3 c5 6. b3 Nc6 7. Bb2 cxd4 8. exd4 O-O 9. O-O Bd7 10. Nbd2 Rc8 11. c4 Nb4 12. Be2 Bf5 13. a3 Nd3 14. Bxd3 Bxd3 15. Re1 d5 16. Ne5 Bf5 17. c5 Ne4 18. Nxe4 Bxe4 19. Nf3 Qd7 20. Ne5 Qf5 21. Rc1 Bh6 22. Rc3 Bg7 23. Rc1 Bh6 24. Rc3 Bg7 25. Rc1 f6 26. Ng4 h5 27. Nh2 Bh6 28. Rc3 Qg5 29. Rg3 Qf5 30. Rc3 Qf4 31. Bc1 Qc7 32. Bxh6 Rf7 33. Bd2 Qd7 34. Nf1 h4 35. Ne3 Bf5 36. Nxf5 gxf5 37. Bh6 Rh7 38. Bf4 Qe8 39. Qf3 Rd8 40. Rce3 Rd7 41. Bd6 Qg6 42. Qxd5+ Qf7 43. Qxf7+ Rxf7 44. Rxe7 Rdxe7 45. Rxe7 Rxe7 46. Bxe7 Kf7 47. Bd6 Ke6 48. Bf4 Kd5 49. Be3 Ke4 50. Kf1 f4 51. Bxf4 Kxf4 52. d5 Ke5 53. d6 Ke6 54. Ke2 Kd7 55. Kf3 Ke6 56. Kg4 Kd7 57. Kxh4 a6 58. Kg4 Ke6 59. h4 Kf7 60. h5 Ke6 1-0

[Event "Scarborough CC ch Reserves"]
[Site "Toronto CAN"]
[Date "2012.05.10"]
[Round "8"]
[White "Mahendran, Sujeev"]
[Black "Zhang, John"]
[Result "0-1"]
[WhiteElo "1609"]
[BlackElo "1751"]
[PlyCount "49"]
[GameId "2160767909510197"]
[EventDate "2012.03.22"]
[EventType "swiss"]
[EventRounds "9"]
[EventCountry "CAN"]
[SourceTitle "EXT 2022"]
[Source "ChessBase"]
[SourceDate "2021.10.06"]
[SourceVersion "1"]
[SourceVersionDate "2021.10.06"]
[SourceQuality "1"]

1. d4 Nf6 2. c4 g6 3. Nc3 Bg7 4. Nf3 O-O 5. e3 d6 6. Be2 Nbd7 7. O-O e5 8. dxe5 Nxe5 9. Qd2 Bf5 10. Nd4 Be6 11. Nxe6 fxe6 12. Qc2 Nfg4 13. f4 Bh6 14. fxe5 Rxf1+ 15. Bxf1 Qh4 16. g3 Qh5 17. exd6 cxd6 18. h3 Nxe3 19. Bxe3 Bxe3+ 20. Kh2 Rf8 21. Bg2 b5 22. Qe4 Bf2 23. Qxe6+ Kh8 24. Qxd6 Qf5 25. Rf1 0-1

[Event "Scarborough CC ch Reserves"]
[Site "Toronto CAN"]
[Date "2012.05.10"]
[Round "8"]
[White "Ming, Wenyang"]
[Black "Kurkowski, Ken"]
[Result "1/2-1/2"]
[WhiteElo "1269"]
[BlackElo "1556"]
[PlyCount "82"]
[GameId "2160767909510198"]
[EventDate "2012.03.22"]
[EventType "swiss"]
[EventRounds "9"]
[EventCountry "CAN"]
[SourceTitle "EXT 2022"]
[Source "ChessBase"]
[SourceDate "2021.10.06"]
[SourceVersion "1"]
[SourceVersionDate "2021.10.06"]
[SourceQuality "1"]

1. b3 d6 2. Bb2 e5 3. e3 g6 4. Nf3 Bg7 5. c4 Nf6 6. d4 exd4 7. exd4 O-O 8. Be2 c6 9. O-O Nbd7 10. Re1 Re8 11. Nc3 d5 12. Bd3 dxc4 13. bxc4 Nb6 14. Rxe8+ Nxe8 15. Qe2 Bg4 16. c5 Nd5 17. Nxd5 Qxd5 18. Qe4 Bxf3 19. gxf3 Rd8 20. Re1 Nf6 21. Qxd5 Nxd5 22. Bc4 Kf8 23. Bxd5 Rxd5 24. Rd1 Bf6 25. Kf1 Rh5 26. Kg2 Bd8 27. Ba3 Rd5 28. f4 f5 29. Kf3 Kf7 30. Bb4 Bf6 31. Ke3 Rd7 32. f3 Bg7 33. a4 Re7+ 34. Kf2 Bh6 35. Bd2 Rd7 36. Be3 Bf8 37. Rb1 Ke6 38. Ke2 Kd5 39. Kd3 Bg7 40. Rb4 Bf6 41. a5 a6 1/2-1/2

[Event "Scarborough CC ch Reserves"]
[Site "Toronto CAN"]
[Date "2012.05.10"]
[Round "8"]
[White "Shebetah, Wajdy"]
[Black "Egorov, Mikhail"]
[Result "1/2-1/2"]
[WhiteElo "2071"]
[BlackElo "2081"]
[PlyCount "76"]
[GameId "2160767909510199"]
[EventDate "2012.03.22"]
[EventType "swiss"]
[EventRounds "9"]
[EventCountry "CAN"]

1. e4 c5 2. c3 d5 3. d3 dxe4 4. dxe4 Qxd1+ 5. Kxd1 Nc6 6. Be3 e6 7. Nd2 Bd7 8. Kc2 O-O-O 9. Ngf3 h6 10. Bf4 g5 11. Bg3 g4 12. Ne5 Nxe5 13. Bxe5 f6 14. Bf4 e5 15. Be3 f5 16. f3 f4 17. Bf2 b6 18. Nc4 Re8 19. Be2 b5 20. Nd2 Nf6 21. Rhd1 gxf3 22. gxf3 Rg8 23. Rg1 Be7 24. Nb3 c4 25. Nc5 Bc6 26. Bf1 Rg5 27. b3 cxb3+ 28. axb3 Kb8 29. Rxg5 hxg5 30. Ne6 g4 31. Ng7 Rg8 32. Nf5 Bd8 33. Bxa7+ Kc7 34. Nh6 Rg6 35. Nxg4 Nxg4 36. fxg4 Bxe4+ 37. Bd3 Bxd3+ 38. Kxd3 Rxg4 1/2-1/2

[Event "Scarborough CC ch Reserves"]
[Site "Toronto CAN"]
[Date "2012.05.10"]
[Round "8"]
[White "Smith, Maurice"]
[Black "Dattani, Dinesh"]
[Result "0-1"]
[WhiteElo "1468"]
[BlackElo "1359"]
[PlyCount "86"]
[GameId "2160767909510200"]
[EventDate "2012.03.22"]
[EventType "swiss"]
[EventRounds "9"]
[EventCountry "CAN"]
[SourceTitle "EXT 2022"]
[Source "ChessBase"]
[SourceDate "2021.10.06"]
[SourceVersion "1"]
[SourceVersionDate "2021.10.06"]
[SourceQuality "1"]

1. Nf3 Nf6 2. g3 Nc6 3. Bg2 e6 4. O-O Bc5 5. d3 d5 6. Nbd2 O-O 7. e4 Re8 8. Nb3 Bb6 9. e5 Nd7 10. Bg5 Ne7 11. Re1 h6 12. Bf4 Ng6 13. Bd2 c5 14. c3 c4 15. dxc4 dxc4 16. Nbd4 Bc7 17. Bf4 Nc5 18. Bf1 Qd5 19. Nb5 Bb8 20. Nd6 Rd8 21. Bxc4 Qc6 22. Nd4 Qb6 23. Qe2 Bxd6 24. exd6 Nxf4 25. gxf4 Qxd6 26. Rad1 Qxf4 27. Nxe6 Bxe6 28. Bxe6 Nxe6 29. Kh1 Rxd1 30. Rxd1 Qg5 31. Qf1 Rd8 32. Rxd8+ Nxd8 33. c4 Ne6 34. Qe1 Nf4 35. Qe8+ Kh7 36. Qe4+ g6 37. Qxb7 Kg7 38. Qf3 Qe5 39. Qd1 Qxb2 40. Qe1 Nd3 41. Qe3 Nxf2+ 42. Kg1 Ng4 43. Qf4 Qxh2+ 0-1

[Event "Scarborough CC ch Reserves"]
[Site "Toronto CAN"]
[Date "2012.05.10"]
[Round "8"]
[White "Super, Russell"]
[Black "Azmitia, Gabriel"]
[Result "1-0"]
[WhiteElo "1397"]
[BlackElo "1521"]
[PlyCount "97"]
[GameId "2160767909510201"]
[EventDate "2012.03.22"]
[EventType "swiss"]
[EventRounds "9"]
[EventCountry "CAN"]
[SourceTitle "EXT 2022"]
[Source "ChessBase"]
[SourceDate "2021.10.06"]
[SourceVersion "1"]
[SourceVersionDate "2021.10.06"]
[SourceQuality "1"]

1. e4 e5 2. Nf3 Nc6 3. Bb5 a6 4. Ba4 Nf6 5. O-O Be7 6. Re1 b5 7. Bb3 O-O 8. c3 d5 9. exd5 Nxd5 10. Nxe5 Nxe5 11. Rxe5 c6 12. d4 Bd6 13. Re1 Qh4 14. g3 Qh3 15. Qf3 Be6 16. Qg2 Qh5 17. Bd1 Bg4 18. Bxg4 Qxg4 19. Nd2 Rae8 20. Nf3 Rxe1+ 21. Nxe1 Qd1 22. Qf1 Re8 23. Nd3 Qh5 24. Bd2 Re2 25. Re1 Nf6 26. Bf4 Bxf4 27. Nxf4 Rxf2 28. Nxh5 Rxf1+ 29. Rxf1 Nxh5 30. Re1 Kf8 31. Re5 Nf6 32. Rc5 Nd5 33. Rxc6 b4 34. c4 Ne3 35. b3 a5 36. Ra6 Nf5 37. d5 h5 38. Rxa5 Nd6 39. a3 bxa3 40. Rxa3 Ke8 41. Ra6 Kd7 42. Kf2 Kc7 43. Ke3 Nf5+ 44. Ke4 Nd6+ 45. Ke5 f6+ 46. Ke6 Nc8 47. Rc6+ Kb7 48. Rxc8 Kxc8 49. Ke7 1-0

[Event "Scarborough CC ch Reserves"]
[Site "Toronto CAN"]
[Date "2012.05.10"]
[Round "8"]
[White "Termeer, Ted"]
[Black "Rutherdale, William"]
[Result "1/2-1/2"]
[WhiteElo "1343"]
[BlackElo "1658"]
[PlyCount "73"]
[GameId "2160767909510202"]
[EventDate "2012.03.22"]
[EventType "swiss"]
[EventRounds "9"]
[EventCountry "CAN"]
[SourceTitle "EXT 2022"]
[Source "ChessBase"]
[SourceDate "2021.10.06"]
[SourceVersion "1"]
[SourceVersionDate "2021.10.06"]
[SourceQuality "1"]

1. Nf3 d5 2. d4 Nf6 3. Nc3 Bf5 4. e3 e6 5. Bd3 Bg6 6. Bxg6 hxg6 7. a3 c6 8. Bd2 Bd6 9. Qe2 Nbd7 10. e4 dxe4 11. Nxe4 Nxe4 12. Qxe4 Nf6 13. Qe2 Qe7 14. Bg5 Qc7 15. Ne5 Rh5 16. h4 O-O-O 17. g3 Kb8 18. c3 Rdh8 19. O-O-O Nd5 20. Bd2 Bxe5 21. dxe5 Rd8 22. f4 Rhh8 23. c4 Ne7 24. Bb4 Nf5 25. Rxd8+ Rxd8 26. Rg1 Qb6 27. Rd1 Rxd1+ 28. Qxd1 Qd4 29. Qxd4 Nxd4 30. Kd2 Nf5 31. Bf8 Kc7 32. g4 Nxh4 33. Bxg7 Nf3+ 34. Ke3 Ne1 35. Kd2 Nf3+ 36. Ke3 Ne1 37. Kd2 1/2-1/2

[Event "Scarborough CC ch Reserves"]
[Site "Toronto CAN"]
[Date "2012.05.10"]
[Round "8"]
[White "Ugodnikov, Arkadiy"]
[Black "Gillis, Doug"]
[Result "1/2-1/2"]
[WhiteElo "1830"]
[BlackElo "1649"]
[PlyCount "52"]
[GameId "2160767909510203"]
[EventDate "2012.03.22"]
[EventType "swiss"]
[EventRounds "9"]
[EventCountry "CAN"]
[SourceTitle "EXT 2022"]
[Source "ChessBase"]
[SourceDate "2021.10.06"]
[SourceVersion "1"]
[SourceVersionDate "2021.10.06"]
[SourceQuality "1"]

1. e4 e6 2. d4 d5 3. Nd2 dxe4 4. Nxe4 Qd5 5. Nc3 Bb4 6. Nf3 Nf6 7. a3 Bxc3+ 8. bxc3 O-O 9. Be2 c5 10. O-O Nc6 11. Re1 cxd4 12. cxd4 Rd8 13. Bb2 b6 14. Qd3 Bb7 15. Rac1 Rac8 16. c4 Qe4 17. Qxe4 Nxe4 18. Bf1 Na5 19. Bd3 Nd6 20. c5 bxc5 21. dxc5 Ne8 22. Red1 Nb3 23. Rc3 Nxc5 24. Bc2 Rxd1+ 25. Bxd1 Ne4 26. Rxc8 Bxc8 1/2-1/2

[Event "Scarborough CC ch Reserves"]
[Site "Toronto CAN"]
[Date "2012.05.10"]
[Round "8"]
[White "Vyravanathan, Sobiga"]
[Black "Lin, Benjamin1"]
[Result "1/2-1/2"]
[WhiteElo "1524"]
[BlackElo "1260"]
[PlyCount "132"]
[GameId "2160767909510204"]
[EventDate "2012.03.22"]
[EventType "swiss"]
[EventRounds "9"]
[EventCountry "CAN"]
[SourceTitle "EXT 2022"]
[Source "ChessBase"]
[SourceDate "2021.10.06"]
[SourceVersion "1"]
[SourceVersionDate "2021.10.06"]
[SourceQuality "1"]

1. e4 c5 2. Nf3 Nc6 3. d4 cxd4 4. Nxd4 Nf6 5. Nc3 d6 6. Bg5 e6 7. Be2 Be7 8. Qd2 O-O 9. O-O Bd7 10. Ndb5 Ne8 11. Be3 a6 12. Nd4 Rc8 13. Rac1 b5 14. Nxc6 Bxc6 15. Bd3 Nf6 16. a3 Nd7 17. Be2 Nf6 18. Bf3 Nd7 19. Be2 Nf6 20. Bf3 Nd7 21. Bf4 Nf6 22. Rcd1 e5 23. Bg3 h6 24. Rfe1 Bd7 25. Bh4 Be6 26. Bxf6 Bxf6 27. Qxd6 Qxd6 28. Rxd6 Ra8 29. Rdd1 Rfd8 30. Nd5 Bxd5 31. Rxd5 Rxd5 32. exd5 Rc8 33. c3 Rd8 34. h3 g6 35. Rd1 Rd6 36. Rc1 Kf8 37. c4 bxc4 38. Rxc4 Ke7 39. Rc7+ Rd7 40. Rxd7+ Kxd7 41. Kf1 e4 42. Bxe4 Bxb2 43. a4 a5 44. Ke2 Bc3 45. Kd3 Bb4 46. Kc4 f5 47. Bf3 Kd6 48. Be2 f4 49. Bg4 g5 50. f3 Bc5 51. Be6 Bb4 52. Kd4 Kc7 53. Ke5 Bd6+ 54. Kf6 Bf8 55. Kf7 Bb4 56. Kg6 Bf8 57. Kh5 Kd6 58. h4 gxh4 59. Kxh4 Be7+ 60. Kg4 Ke5 61. Kh5 Bg5 62. Kg4 Kf6 63. Kh3 Ke5 64. g3 fxg3 65. Kxg3 Bf4+ 66. Kg4 Bg5 1/2-1/2

[Event "Scarborough CC ch Reserves"]
[Site "Toronto CAN"]
[Date "2012.05.10"]
[Round "8"]
[White "Yie, Kevin Yi Xiao"]
[Black "Wiebe, Daniel"]
[Result "0-1"]
[WhiteElo "1678"]
[BlackElo "1901"]
[PlyCount "104"]
[GameId "2160767909510206"]
[EventDate "2012.03.22"]
[EventType "swiss"]
[EventRounds "9"]
[EventCountry "CAN"]
[SourceTitle "EXT 2022"]
[Source "ChessBase"]
[SourceDate "2021.10.06"]
[SourceVersion "1"]
[SourceVersionDate "2021.10.06"]
[SourceQuality "1"]

1. d4 Nf6 2. Bf4 g6 3. e3 Bg7 4. h3 O-O 5. Be2 d5 6. Nf3 c5 7. c3 Bf5 8. O-O Qb6 9. Qb3 c4 10. Qxb6 axb6 11. Nbd2 Nbd7 12. a3 h5 13. Rac1 b5 14. Bd1 Ne4 15. Bc2 Nxd2 16. Bxf5 Nxf3+ 17. gxf3 gxf5 18. Kh1 Kh7 19. Rg1 Bf6 20. Bg5 Rg8 21. h4 Bxg5 22. hxg5 Rg6 23. f4 f6 24. Rg2 fxg5 25. fxg5 Re6 26. Re1 f4 27. Kg1 Kg6 28. Kf1 Rf8 29. Kg1 Rf5 30. Kf1 fxe3 31. Re2 Rxg5 32. fxe3 Re4 33. Rh2 Nf6 34. Ke1 Ng4 35. Rh3 Rf5 36. Rg2 Kh6 37. Ke2 Rf6 38. Rhg3 Rfe6 39. Kd2 Rxe3 40. Rxe3 Rxe3 41. Rxg4 Rd3+ 42. Ke2 hxg4 43. Kf2 Kg5 44. Kg2 Kf4 45. a4 bxa4 46. Kf2 Re3 47. Kf1 Kf3 48. b4 b5 49. Kg1 Re2 50. Kf1 a3 51. Kg1 a2 52. Kh1 a1=R# 0-1

[Event "Scarborough CC ch Reserves"]
[Site "Toronto CAN"]
[Date "2012.05.10"]
[Round "8"]
[White "Zhao, Harry"]
[Black "Moran-Venegas, Mario"]
[Result "1/2-1/2"]
[WhiteElo "1371"]
[BlackElo "1807"]
[PlyCount "79"]
[GameId "2160767909510207"]
[EventDate "2012.03.22"]
[EventType "swiss"]
[EventRounds "9"]
[EventCountry "CAN"]
[SourceTitle "EXT 2022"]
[Source "ChessBase"]
[SourceDate "2021.10.06"]
[SourceVersion "1"]
[SourceVersionDate "2021.10.06"]
[SourceQuality "1"]

1. e4 d5 2. exd5 Qxd5 3. Nc3 Qd6 4. Nf3 a6 5. Bc4 Nf6 6. h3 b5 7. Bb3 c5 8. a3 Bb7 9. Qe2 Nbd7 10. d3 e6 11. Be3 Be7 12. O-O O-O 13. Nd2 Rac8 14. f4 Nb6 15. Rae1 c4 16. dxc4 bxc4 17. Nxc4 Nxc4 18. Bxc4 Qc6 19. Bb3 Bxa3 20. bxa3 Qxc3 21. Rb1 Nd5 22. Bc1 Qc5+ 23. Qf2 Qxf2+ 24. Rxf2 Nc3 25. Ra1 Rfd8 26. Rd2 Rxd2 27. Bxd2 Ne2+ 28. Kf2 Nd4 29. Rc1 Be4 30. Be3 Nxc2 31. Bxc2 Rxc2+ 32. Rxc2 Bxc2 33. h4 Kf8 34. g3 Ke7 35. Bd4 f6 36. Kf3 Kd6 37. Ke3 e5 38. fxe5+ fxe5 39. Bc3 h5 40. Bb4+ 1/2-1/2

[Event "Scarborough CC ch Reserves"]
[Site "Toronto CAN"]
[Date "2012.05.10"]
[Round "8"]
[White "Zhao, Yanchun"]
[Black "Crnilovic, Grisha"]
[Result "1/2-1/2"]
[WhiteElo "1409"]
[BlackElo "1558"]
[PlyCount "76"]
[GameId "2160767909510208"]
[EventDate "2012.03.22"]
[EventType "swiss"]
[EventRounds "9"]
[EventCountry "CAN"]
[SourceTitle "EXT 2022"]
[Source "ChessBase"]
[SourceDate "2021.10.06"]
[SourceVersion "1"]
[SourceVersionDate "2021.10.06"]
[SourceQuality "1"]

1. e4 e5 2. Nf3 Nc6 3. Bc4 Nf6 4. Nc3 d6 5. h3 Be7 6. O-O Na5 7. Be2 O-O 8. d4 Nc6 9. d5 Nb8 10. Be3 Nbd7 11. b4 c6 12. a4 cxd5 13. exd5 Re8 14. a5 Nf8 15. Bb5 Bd7 16. Qe2 Qc7 17. Bxd7 N8xd7 18. Nb5 Qb8 19. c4 a6 20. Nc3 Qc7 21. Na4 Rac8 22. Rfc1 Qd8 23. Rab1 h6 24. Nd2 Nh7 25. Ne4 Nhf6 26. Ng3 Nh7 27. Nf5 Bf8 28. Qg4 Ng5 29. Nb6 Nf6 30. Qh4 Rc7 31. Bxg5 hxg5 32. Qxg5 Nh7 33. Qg4 Qg5 34. Qxg5 Nxg5 35. Rb3 g6 36. Rg3 Ne4 37. Rg4 Nf6 38. Rg3 Ne4 1/2-1/2

[Event "Scarborough CC ch Reserves"]
[Site "Toronto CAN"]
[Date "2012.05.10"]
[Round "8"]
[White "Zhong, Joey"]
[Black "Huston, Scott"]
[Result "0-1"]
[WhiteElo "1553"]
[BlackElo "1756"]
[PlyCount "74"]
[GameId "2160767909510209"]
[EventDate "2012.03.22"]
[EventType "swiss"]
[EventRounds "9"]
[EventCountry "CAN"]
[SourceTitle "EXT 2022"]
[Source "ChessBase"]
[SourceDate "2021.10.06"]
[SourceVersion "1"]
[SourceVersionDate "2021.10.06"]
[SourceQuality "1"]

1. d4 Nf6 2. c4 e6 3. Nc3 Bb4 4. a3 Bxc3+ 5. bxc3 c5 6. e3 b6 7. Bd3 Bb7 8. f3 d6 9. Ne2 O-O 10. e4 Nbd7 11. O-O Rc8 12. Ng3 Ba6 13. Qe2 Qc7 14. d5 Ne5 15. Bf4 Nfd7 16. Rae1 Rfe8 17. Bxe5 Nxe5 18. f4 Nxd3 19. Qxd3 Qd7 20. Qe2 Qa4 21. dxe6 fxe6 22. Qd2 Bxc4 23. Qxd6 Bxf1 24. Rxf1 Rcd8 25. Qe5 Qxa3 26. Nh5 Re7 27. f5 c4 28. f6 Rf7 29. Qxe6 Qc5+ 30. Kh1 Qxh5 31. g4 Qg6 32. h4 Kh8 33. e5 gxf6 34. exf6 Qd3 35. Re1 Qf3+ 36. Kg1 Rxf6 37. Qe5 Qxg4+ 0-1